000 00559nam a22002297a 4500
003 UA-OsUOA
001 51757
007 ta
008 20080122b un ||||| |||| 00| 0 ukr d
100 _aKistemaker S.
090 _a82-97.111
942 _cBK
040 _aUA-OsUOA
_beng
_cUA-OsUOA
_dUA-OsUOA
245 _aThe Conversations of Jesus
300 _a239 с.
955 _a3
041 _aeng
080 _a82-97.111
260 _aNew-Yourk
_c2004
650 7 _a82 Література. Літературознавство
_2UDC
999 _c337847
_d337847